| 000 | 00647nam a2200193Ia 4500 | ||
|---|---|---|---|
| 003 | GCL | ||
| 008 | 140319s9999 xx 000 0 ara d | ||
| 040 |
_aGCL / _cGCL |
||
| 082 | 0 | 4 |
_a398.21 _bا س |
| 100 | 1 | _aابراهيم السامرائى | |
| 245 | 1 | 0 |
_aالسيد محمود شكرى الالوسى / _cابراهيم السامرائى |
| 260 |
_a[S.N] : _bالمؤسسة الجامعية للدراسات والنشر والتوزيع ، _c1992 |
||
| 490 | _a | ||
| 650 | 0 | 4 | _aالعصر الجاهلى |
| 650 | 0 | 4 | _aالفولكلور |
| 650 | 0 | 4 | _aالادب الشعبى |
| 650 | 0 | 4 | _aالتراث الشعبى |
| 942 |
_2ddc _cBK |
||
| 999 |
_c53317 _d53317 |
||